000 00498nam a2200181Ia 4500
005 20250508153116.0
008 008 250505s9999 xx 000 0 eng d
037 _aBooks to be hide in OPAC
040 _aFEDL
_beng
_cFEDL
041 _aeng
_2eng
084 _a901, LEW/O
_qFEDL
100 _aLewis H D
245 0 _aFreedom and history
260 _aLondon, UK
_bGeorge Allen and Unwin Limited
_c1962
300 _a130p.
942 _cHB
_h901, LEW/O
999 _c1340728
_d1340728